000 00486nam a2200157Ia 4500
008 160316s2008 xxu||||| |||| 00| 0 eng d
082 _a341.584000
_bGRA
100 _aGray Christine
245 _aInternational law and the use of force
250 _a3rd
260 _aOxford
_bOxford University Press
_c2008
300 _a455p
_b
_cxv
365 _b Rs. 1,976
650 _a1. Intervention - International Law 2. Aggression - International Law 3. International Police
700 _a
_a
999 _c25156
_d25156